[Event "CAN op"]
[Site "Hamilton CAN"]
[Date "2022.07.13"]
[Round "4.107"]
[White "Li, Justin"]
[Black "Xu, Eddie"]
[Result "0-1"]
[WhiteElo "1424"]
[BlackElo "2088"]
[PlyCount "141"]
[EventDate "2022.07.12"]
[EventType "swiss"]
[EventRounds "9"]
[EventCountry "CAN"]

1. d4 d5 2. Bf4 c5 3. c3 Nc6 4. e3 Nf6 5. Nd2 Bf5 6. Qb3 Qc8 7. Ngf3 e6 8. h3
h6 9. Be2 c4 10. Qd1 b5 11. O-O Be7 12. Ne5 O-O 13. Re1 a5 14. Bf3 Rd8 15. e4
dxe4 16. Nxe4 Nd5 17. Bg3 Bf8 18. Nd2 Nxe5 19. Bxe5 b4 20. Bxd5 Rxd5 21. Ne4
Qc6 22. Ng3 Bg6 23. Qf3 Bd6 24. Bxd6 Rxd6 25. Qxc6 Rxc6 26. Re5 bxc3 27. bxc3
Rb6 28. Ne2 Rb2 29. Nf4 Bb1 30. a3 a4 31. Rc5 Ba2 32. Rc1 Rab8 33. d5 Rb1 34.
Rxb1 Rxb1+ 35. Kh2 exd5 36. Nxd5 Rc1 37. Kg3 Bb3 38. Kf3 Rd1 39. Kg3 Rd3+ 40.
f3 g6 41. h4 h5 42. Kf4 Kg7 43. Kg5 Rd2 44. Ne3 Re2 45. Kf4 Ra2 46. Nxc4 Rxg2
47. Na5 Be6 48. Nc6 Ra2 49. Nd4 Bh3 50. Nb5 Bf1 51. Kg3 Rg2+ 52. Kf4 g5+ 53.
hxg5 h4 54. Nd4 Bd3 55. Nf5+ Bxf5 56. Kxf5 h3 57. Rc4 Rg3 58. Rxa4 Rxf3+ 59.
Ke5 Rxc3 60. Rh4 Kg6 61. a4 Kxg5 62. Rh8 f6+ 63. Kd4 Ra3 64. a5 f5 65. a6 Kg4
66. a7 Rxa7 67. Rg8+ Kf3 68. Rh8 Ra4+ 69. Ke5 Kg3 70. Kxf5 Rh4 71. Rg8+ 0-1

[Event "CAN op"]
[Site "Hamilton CAN"]
[Date "2022.07.13"]
[Round "4.108"]
[White "Palsson, Halldor"]
[Black "Dickson, Kirk"]
[Result "0-1"]
[WhiteElo "1962"]
[BlackElo "1780"]
[PlyCount "92"]
[EventDate "2022.07.12"]
[EventType "swiss"]
[EventRounds "9"]
[EventCountry "CAN"]

1. d4 d5 2. c4 c6 3. Nf3 e6 4. Nc3 f5 5. g3 Bd6 6. Bg2 Nd7 7. O-O Ngf6 8. b3
O-O 9. e3 Ne4 10. Bb2 Rf6 11. Ne2 Rh6 12. Nf4 g5 13. Nd3 g4 14. Nfe5 Qg5 15.
Nf4 Ndf6 16. Rc1 Bxe5 17. dxe5 Nh5 18. cxd5 exd5 19. Nxd5 cxd5 20. Qxd5+ Be6
21. Qxb7 Rf8 22. Bxe4 fxe4 23. Qxe4 Ng7 24. Rfd1 Qh5 25. Qg2 Qf7 26. Rd2 Bf5
27. Rc4 Ne6 28. Rd6 Rh3 29. e4 Bg6 30. f4 Bh5 31. Rcc6 Nxf4 32. gxf4 Qxf4 33.
Rf6 Qe3+ 34. Qf2 Qxf2+ 35. Kxf2 Rxh2+ 36. Kg3 Rxb2 37. Ra6 Re2 38. Rxa7 Rxe4
39. Re6 Ref4 40. Ree7 Bg6 41. e6 Re4 42. a3 Rf3+ 43. Kg2 Re2+ 44. Kg1 Rf8 45.
b4 g3 46. Rad7 g2 0-1

[Event "CAN op"]
[Site "Hamilton CAN"]
[Date "2022.07.13"]
[Round "4.109"]
[White "Bokhout, Peter"]
[Black "Brown, John R"]
[Result "1-0"]
[WhiteElo "1852"]
[BlackElo "1409"]
[PlyCount "75"]
[EventDate "2022.07.12"]
[EventType "swiss"]
[EventRounds "9"]
[EventCountry "CAN"]

1. c4 e5 2. Nc3 Nc6 3. Nf3 f5 4. d3 Nf6 5. g3 d5 6. cxd5 Nxd5 7. Bg2 Nxc3 8.
bxc3 Be6 9. O-O Be7 10. c4 O-O 11. Rb1 Rb8 12. Bb2 Nd4 13. Nxe5 Bf6 14. Nf3
Nxf3+ 15. Bxf3 Bxb2 16. Rxb2 b6 17. Qc2 f4 18. Bg2 fxg3 19. hxg3 Qg5 20. Rb5 c5
21. Qc1 Qh5 22. Bf3 Bg4 23. Bxg4 Qxg4 24. Rb2 Qh3 25. Qg5 Qc8 26. Kg2 Rf6 27.
Rh1 Rg6 28. Qh5 Rh6 29. Qd5+ Re6 30. f4 Kh8 31. e4 Qe8 32. Qh5 Qxh5 33. Rxh5
Rd8 34. Rd5 Red6 35. Kf3 Kg8 36. Ke3 Kf7 37. Rh2 h6 38. Rhh5 1-0

[Event "CAN op"]
[Site "Hamilton CAN"]
[Date "2022.07.13"]
[Round "4.110"]
[White "Higgins, Brian"]
[Black "Zapata, Edgar"]
[Result "1/2-1/2"]
[WhiteElo "933"]
[BlackElo "1151"]
[PlyCount "129"]
[EventDate "2022.07.12"]
[EventType "swiss"]
[EventRounds "9"]
[EventCountry "CAN"]

1. e4 g6 2. g3 Bg7 3. Bg2 e5 4. Nf3 Ne7 5. d3 c5 6. Nbd2 Nbc6 7. c3 O-O 8. O-O
d6 9. h3 f5 10. Re1 f4 11. Nf1 Qb6 12. Qb3+ Kh8 13. Ng5 Qxb3 14. axb3 h6 15.
Nf3 g5 16. N1h2 a6 17. h4 g4 18. Nd2 h5 19. f3 fxg3 20. Nhf1 Bf6 21. Nxg3 Bxh4
22. Kh2 Ng6 23. Rf1 Nf4 24. fxg4 Bxg4 25. Bf3 Bxg3+ 26. Kxg3 Ne2+ 27. Bxe2 Bxe2
28. Rxf8+ Rxf8 29. Nc4 Rf6 30. Bg5 Rg6 31. Kh4 Kg7 32. Ne3 Kf7 33. Nf5 Ke6 34.
Ng3 Bxd3 35. Kxh5 Rg8 36. Rd1 c4 37. b4 Nd8 38. Bxd8 Rxg3 39. Kh4 Re3 40. Rg1
Rxe4+ 41. Rg4 Kf5 42. Rxe4 Bxe4 43. Kg3 Bc6 44. Bb6 Ke4 45. Kf2 Kd3 46. Ke1 Kc2
47. Bc7 d5 48. Bxe5 Kxb2 49. Kd2 Kb3 50. Bd4 Ka4 51. Bb6 Kb5 52. Bc7 b6 53. Kc2
a5 54. Bd6 Bd7 55. Kb2 axb4 56. Bxb4 Bf5 57. Ka3 Bc2 58. Bf8 Bd1 59. Bg7 Kc5
60. Bd4+ Kc6 61. Kb4 b5 62. Bc5 Ba4 63. Bd4 Bd1 64. Ka5 Ba4 65. Kb4 1/2-1/2

[Event "CAN op"]
[Site "Hamilton CAN"]
[Date "2022.07.13"]
[Round "4.111"]
[White "McKitrick, Jerry"]
[Black "Sen, Arya"]
[Result "0-1"]
[WhiteElo "1050"]
[BlackElo "1745"]
[PlyCount "140"]
[EventDate "2022.07.12"]
[EventType "swiss"]
[EventRounds "9"]
[EventCountry "CAN"]

1. e4 c5 2. Nf3 e6 3. d4 cxd4 4. Nxd4 a6 5. Nc3 Qc7 6. Be2 Nf6 7. O-O b5 8. h3
Bb7 9. f3 Bc5 10. Kh1 Bd6 11. b3 Nh5 12. Re1 Ng3+ 13. Kg1 Bc5 14. Be3 e5 15.
Qd2 exd4 16. Bxd4 O-O 17. Nd5 Bxd5 18. exd5 Bxd4+ 19. Qxd4 Nxe2+ 20. Rxe2 Qa7
21. Rd1 Qxd4+ 22. Rxd4 d6 23. a3 Nd7 24. c4 bxc4 25. bxc4 Nc5 26. Rb2 Rab8 27.
Rb4 a5 28. Rb5 Rxb5 29. cxb5 Rb8 30. a4 Re8 31. Kf2 f5 32. g3 g5 33. g4 f4 34.
Rc4 Re3 35. h4 h6 36. hxg5 hxg5 37. Rc2 Nd3+ 38. Kf1 Rxf3+ 39. Ke2 Re3+ 40. Kf1
Re1+ 41. Kg2 Nc5 42. Rb2 Re4 43. b6 Rb4 44. Re2 Rxb6 45. Re7 Rb7 46. Re8+ Kf7
47. Ra8 Rb4 48. Rxa5 Rxa4 49. Rb5 Kf6 50. Rb6 Ke5 51. Rb8 Ra2+ 52. Kf3 Nd3 53.
Re8+ Kxd5 54. Re2 Ne5+ 55. Kf2 Rxe2+ 56. Kxe2 Nxg4 57. Kf3 Ne5+ 58. Kf2 Ke4 59.
Ke2 f3+ 60. Kf2 Nd3+ 61. Kf1 Ke3 62. Kg1 Ke2 63. Kh2 f2 64. Kg3 f1=Q 65. Kg4
Qf4+ 66. Kh5 g4 67. Kh4 g3+ 68. Kh3 Nf2+ 69. Kg2 Qf3+ 70. Kg1 Qh1# 0-1

[Event "CAN op"]
[Site "Hamilton CAN"]
[Date "2022.07.13"]
[Round "4.112"]
[White "Byun, Jae Hyun"]
[Black "Takeuchi, Nobuko"]
[Result "0-1"]
[WhiteElo "1184"]
[BlackElo "927"]
[PlyCount "62"]
[EventDate "2022.07.12"]
[EventType "swiss"]
[EventRounds "9"]
[EventCountry "CAN"]

1. e4 c5 2. Nc3 e6 3. f4 d5 4. Nf3 g6 5. Bb5+ Bd7 6. Bxd7+ Nxd7 7. O-O d4 8.
Ne2 Ngf6 9. d3 Bg7 10. Qe1 O-O 11. f5 Ng4 12. fxe6 fxe6 13. Nf4 Qb6 14. Ng5
Rae8 15. Qh4 Ngf6 16. Re1 e5 17. Nd5 Qd8 18. Rf1 h6 19. Nf3 Nxd5 20. exd5 Nf6
21. Bxh6 Qxd5 22. Ng5 Nh5 23. Bxg7 Kxg7 24. Rxf8 Rxf8 25. Qh3 a6 26. Ne6+ Kg8
27. Nxf8 Kxf8 28. Rf1+ Kg7 29. Qc8 Nf4 30. Qg4 c4 31. g3 Qg2# 0-1

[Event "CAN op"]
[Site "Hamilton CAN"]
[Date "2022.07.13"]
[Round "4.113"]
[White "Huang, Eric"]
[Black "Sun, Erik"]
[Result "1-0"]
[WhiteElo "1155"]
[BlackElo "853"]
[PlyCount "49"]
[EventDate "2022.07.12"]
[EventType "swiss"]
[EventRounds "9"]
[EventCountry "CAN"]

1. e4 e5 2. Nf3 Nc6 3. Bb5 Nd4 4. Nxd4 exd4 5. Bc4 Nf6 6. Qf3 d5 7. exd5 Bd6 8.
O-O O-O 9. d3 Ng4 10. h3 Nh2 11. Qd1 Nxf1 12. Qxf1 Qf6 13. Qe2 Qe5 14. Qxe5
Bxe5 15. Na3 Re8 16. Bd2 Bd7 17. Re1 a6 18. Bb3 b5 19. c4 bxc4 20. Nxc4 f6 21.
d6 Bxd6 22. Nxd6+ Kf8 23. Nxe8 Bxe8 24. Bb4+ c5 25. Bxc5# 1-0

[Event "CAN op"]
[Site "Hamilton CAN"]
[Date "2022.07.13"]
[Round "4.115"]
[White "Di Tommaso, Brittany"]
[Black "Callaghan, Ken"]
[Result "1-0"]
[WhiteElo "925"]
[BlackElo "1081"]
[PlyCount "61"]
[EventDate "2022.07.12"]
[EventType "swiss"]
[EventRounds "9"]
[EventCountry "CAN"]

1. e4 b6 2. Nc3 Bb7 3. Nf3 e6 4. Bc4 Bb4 5. O-O Bxc3 6. dxc3 Bxe4 7. Bd3 Bxd3
8. cxd3 h6 9. Ne5 d6 10. Qf3 dxe5 11. Qxa8 Nf6 12. Qxa7 O-O 13. Rd1 Qd7 14. Qa3
Rd8 15. d4 c5 16. Be3 Kh8 17. h3 Qc7 18. dxe5 Nd5 19. c4 Nb4 20. Qb3 Rc8 21. a3
N4c6 22. Qc3 Nd7 23. Rd2 Rd8 24. Rad1 g5 25. f4 gxf4 26. Bxf4 Nd4 27. Qg3 Nf8
28. Bxh6 Ng6 29. Qg5 Ne2+ 30. Kh1 Rxd2 31. Rxd2 1-0

[Event "CAN op"]
[Site "Hamilton CAN"]
[Date "2022.07.14"]
[Round "5.1"]
[White "Doknjas, Neil"]
[Black "Hambleton, Aman"]
[Result "1-0"]
[WhiteElo "2262"]
[BlackElo "2549"]
[PlyCount "71"]
[EventDate "2022.07.12"]
[EventType "swiss"]
[EventRounds "9"]
[EventCountry "CAN"]

1. e4 c5 2. Nf3 e6 3. d4 cxd4 4. Nxd4 Nc6 5. Nc3 Qc7 6. f4 a6 7. Nxc6 Qxc6 8.
Bd3 b5 9. Qe2 Bb7 10. Bd2 Rc8 11. a3 h5 12. Rf1 Be7 13. O-O-O Nf6 14. Rf3 b4
15. axb4 Bxb4 16. f5 Bxc3 17. Bxc3 Nxe4 18. Bxe4 Qxe4 19. Qd2 Qa4 20. b3 Qb5
21. f6 gxf6 22. Bxf6 Bxf3 23. gxf3 Rg8 24. Qd6 Rxc2+ 25. Kxc2 Qf5+ 26. Kc1 Qxf6
27. Qxd7+ Kf8 28. Qc8+ Kg7 29. Rg1+ Kh6 30. Rxg8 Qa1+ 31. Kc2 Qa2+ 32. Kc3 Qa1+
33. Kb4 Qe1+ 34. Qc3 a5+ 35. Kc4 Qf1+ 36. Kc5 1-0

[Event "CAN op"]
[Site "Hamilton CAN"]
[Date "2022.07.14"]
[Round "5.2"]
[White "Paragua, Mark"]
[Black "Ortiz Suarez, Isan Reynaldo"]
[Result "1/2-1/2"]
[WhiteElo "2610"]
[BlackElo "2526"]
[PlyCount "44"]
[EventDate "2022.07.12"]
[EventType "swiss"]
[EventRounds "9"]
[EventCountry "CAN"]

1. e4 c5 2. Nf3 d6 3. Bb5+ Nd7 4. c3 Ngf6 5. Qe2 a6 6. Ba4 e6 7. O-O Be7 8. d4
b5 9. Bc2 Bb7 10. Re1 Qc7 11. Bd3 O-O 12. Nbd2 e5 13. dxe5 dxe5 14. c4 b4 15.
Nf1 Rfe8 16. Bg5 Bf8 17. N3d2 g6 18. Ne3 Nh5 19. Nd5 Qb8 20. Bc2 Bc6 21. Qd1
Ng7 22. a3 Ne6 1/2-1/2

[Event "CAN op"]
[Site "Hamilton CAN"]
[Date "2022.07.14"]
[Round "5.3"]
[White "Noritsyn, Nikolay"]
[Black "Rodrigue-Lemieux, Shawn"]
[Result "1/2-1/2"]
[WhiteElo "2557"]
[BlackElo "2493"]
[PlyCount "133"]
[EventDate "2022.07.12"]
[EventType "swiss"]
[EventRounds "9"]
[EventCountry "CAN"]

1. d4 Nf6 2. Nf3 d5 3. c4 e6 4. Qc2 Be7 5. Bg5 dxc4 6. Nc3 c5 7. dxc5 Qa5 8. e4
Nc6 9. Bxc4 Qxc5 10. Bb5 O-O 11. Be3 Qh5 12. h3 Bb4 13. Bxc6 bxc6 14. O-O Bxc3
15. Qxc3 Nxe4 16. Qxc6 Qd5 17. Qxd5 exd5 18. Nd4 Bd7 19. Rfd1 Rfc8 20. b3 a5
21. f3 Nc3 22. Rd3 a4 23. Bd2 Nb5 24. Nxb5 Bxb5 25. Rxd5 Rd8 26. Rxd8+ Rxd8 27.
Rc1 axb3 28. axb3 f6 29. Be1 Kf7 30. Rc5 Bd7 31. Rd5 Ke6 32. Rd4 Rc8 33. Bb4
Rc1+ 34. Kh2 Bc6 35. Rd6+ Kf7 36. Kg3 Rc2 37. h4 Bb5 38. Bd2 Ke7 39. Rd5 Bc6
40. Rd4 Ke6 41. b4 Bb5 42. Be1 Rc1 43. Re4+ Kf7 44. Re3 Rc2 45. Ra3 Bf1 46.
Ra7+ Kg6 47. Bf2 h5 48. Ra1 Bc4 49. Bc5 Rb2 50. Rg1 Kf5 51. Rc1 Bd3 52. Bf8 g5
53. Rc5+ Kg6 54. hxg5 fxg5 55. Be7 h4+ 56. Kh3 Bf5+ 57. g4 hxg3+ 58. Kxg3 Rb3
59. Rc6+ Kh5 60. Rf6 Bc2 61. Kf2 g4 62. fxg4+ Kxg4 63. Ke2 Bf5 64. Bd6 Rf3 65.
Rh6 Rh3 66. Rf6 Rf3 67. Rh6 1/2-1/2

[Event "CAN op"]
[Site "Hamilton CAN"]
[Date "2022.07.14"]
[Round "5.4"]
[White "Ouellet, Maili-Jade"]
[Black "Sheng, Joshua"]
[Result "0-1"]
[WhiteElo "2361"]
[BlackElo "2558"]
[PlyCount "120"]
[EventDate "2022.07.12"]
[EventType "swiss"]
[EventRounds "9"]
[EventCountry "CAN"]

1. d4 Nf6 2. c4 g6 3. Nc3 Bg7 4. e4 d6 5. f3 O-O 6. Be3 c5 7. Nge2 Qa5 8. Nc1
cxd4 9. Nb3 Qb6 10. Nxd4 Nc6 11. Qd2 Nxd4 12. Qxd4 Qxb2 13. Rb1 Qa3 14. Qd2 Qa5
15. Be2 Qd8 16. O-O b6 17. a4 Bd7 18. a5 bxa5 19. Rb7 Bc6 20. Rxa7 Rxa7 21.
Bxa7 Nd7 22. Nb5 Qa8 23. Qe3 Rc8 24. Rb1 a4 25. Kf1 a3 26. Qxa3 Bxb5 27. Rxb5
Ne5 28. Rb4 Nc6 29. Ra4 Qb7 30. Be3 Bd4 31. Bxd4 Qb1+ 32. Kf2 Nxd4 33. Qa1 Qxa1
34. Rxa1 Rb8 35. Ra2 Rb3 36. Bf1 Kg7 37. Rd2 Ne6 38. h4 Rc3 39. Be2 Kf6 40. Bf1
h6 41. Be2 Nd8 42. Rd3 Rc2 43. Ke3 Ne6 44. Rd2 Rxd2 45. Kxd2 Nf4 46. Bf1 Ke5
47. Ke3 g5 48. hxg5 hxg5 49. Kf2 Kd4 50. Kg3 Ke3 51. Kg4 Kf2 52. g3 Ng6 53. f4
gxf4 54. gxf4 Kxf1 55. Kf5 Ke2 56. e5 Kd3 57. e6 Nh4+ 58. Kg5 fxe6 59. Kxh4
Kxc4 60. Kg5 Kd4 0-1

[Event "CAN op"]
[Site "Hamilton CAN"]
[Date "2022.07.14"]
[Round "5.5"]
[White "Liang, Jason"]
[Black "Dukic, Zachary"]
[Result "1/2-1/2"]
[WhiteElo "2515"]
[BlackElo "2353"]
[PlyCount "73"]
[EventDate "2022.07.12"]
[EventType "swiss"]
[EventRounds "9"]
[EventCountry "CAN"]

1. e4 c5 2. Nf3 Nc6 3. Bb5 g6 4. O-O Bg7 5. c3 e5 6. d4 cxd4 7. cxd4 exd4 8.
Bf4 a6 9. Ba4 Nge7 10. Bd6 b5 11. Bb3 Bb7 12. Ng5 O-O 13. Qf3 Qe8 14. Qg3 Na5
15. Nd2 h6 16. Ngf3 Rc8 17. Rfe1 Qd8 18. Ne5 Nxb3 19. Nxb3 Bxe4 20. Nxd4 Nf5
21. Nxf5 Bxf5 22. Bxf8 Qxf8 23. Rad1 Qb4 24. Qb3 Qxb3 25. axb3 Rc2 26. Nxd7
Bxb2 27. Re8+ Kg7 28. h3 a5 29. Ra8 Bc3 30. Nb6 Be6 31. Nd5 Bd2 32. Nc7 Bxb3
33. Ne8+ Kh7 34. Nf6+ Kg7 35. Ne8+ Kh7 36. Nf6+ Kg7 37. Ne8+ 1/2-1/2

[Event "CAN op"]
[Site "Hamilton CAN"]
[Date "2022.07.14"]
[Round "5.7"]
[White "Samsonkin, Artiom"]
[Black "Joseph Benher, Savio"]
[Result "1-0"]
[WhiteElo "2539"]
[BlackElo "2213"]
[PlyCount "69"]
[EventDate "2022.07.12"]
[EventType "swiss"]
[EventRounds "9"]
[EventCountry "CAN"]

1. e4 e6 2. d4 d5 3. Nc3 Bb4 4. Nge2 dxe4 5. a3 Bxc3+ 6. Nxc3 Nc6 7. Bf4 Nge7
8. Nxe4 Qd5 9. Nc3 Qxd4 10. Qxd4 Nxd4 11. O-O-O Nec6 12. Bxc7 O-O 13. b4 a6 14.
Na4 Nb5 15. Bb6 e5 16. Bc5 Re8 17. Nb6 Be6 18. Nxa8 Rxa8 19. Kb2 Nbd4 20. c3
Nf5 21. g3 Rc8 22. Bg2 f6 23. Bd5 Nfd4 24. Be4 Nf5 25. g4 Nh4 26. Bd5 Nd8 27.
Bb6 Bxd5 28. Rxd5 Ne6 29. Rd7 Nf3 30. Be3 b5 31. Rd6 Neg5 32. h4 Ne4 33. Rxa6
Nxc3 34. Rc1 Na4+ 35. Rxa4 1-0

[Event "CAN op"]
[Site "Hamilton CAN"]
[Date "2022.07.14"]
[Round "5.8"]
[White "Gavrilin, Roman"]
[Black "Banerjee, Bitan"]
[Result "1/2-1/2"]
[WhiteElo "2235"]
[BlackElo "2502"]
[PlyCount "115"]
[EventDate "2022.07.12"]
[EventType "swiss"]
[EventRounds "9"]
[EventCountry "CAN"]

1. e4 c5 2. Nf3 d6 3. d4 Nf6 4. Nc3 cxd4 5. Nxd4 a6 6. h3 e5 7. Nde2 h5 8. Bg5
Be6 9. Bxf6 Qxf6 10. Nd5 Qd8 11. Nec3 g6 12. Bc4 Bh6 13. O-O Nc6 14. Bb3 Rc8
15. Qd3 O-O 16. Rad1 Nd4 17. Ne2 Nxb3 18. Qxb3 b5 19. a4 Rb8 20. axb5 axb5 21.
Qb4 Rc8 22. Nec3 Kh8 23. Nxb5 Rxc2 24. Qxd6 Qxd6 25. Nxd6 Rb8 26. b3 Rxb3 27.
Rb1 Rxb1 28. Rxb1 Rc1+ 29. Rxc1 Bxc1 30. Nc4 f6 31. Nde3 Bd7 32. Kf1 Bc6 33. f3
Bb5 34. Ke1 Ba4 35. Ke2 h4 36. Kf2 Kg7 37. g3 hxg3+ 38. Kxg3 Bd7 39. h4 Be6 40.
Kf2 Kf7 41. Ke2 Ke7 42. Kd1 Bxc4 43. Nxc4 Bf4 44. Ke2 Bg3 45. h5 gxh5 46. Ne3
Kf7 47. Nf5 Bf4 48. Kf2 Kg6 49. Kg2 Bd2 50. Kh3 Kg5 51. Ne7 Be1 52. Nd5 f5 53.
exf5 Kxf5 54. Ne3+ Ke6 55. Nc4 Kd5 56. Nxe5 Kxe5 57. Kg2 Kf4 58. Kg1 1/2-1/2

[Event "CAN op"]
[Site "Hamilton CAN"]
[Date "2022.07.14"]
[Round "5.9"]
[White "Fedorowicz, John"]
[Black "Rosenberg, Evan"]
[Result "1-0"]
[WhiteElo "2495"]
[BlackElo "2205"]
[PlyCount "61"]
[EventDate "2022.07.12"]
[EventType "swiss"]
[EventRounds "9"]
[EventCountry "CAN"]

1. d4 Nf6 2. c4 e6 3. Nf3 b6 4. a3 d5 5. cxd5 exd5 6. Nc3 Be7 7. Qa4+ c6 8. g3
O-O 9. Bg2 Bd7 10. Ne5 Be8 11. Qd1 Nfd7 12. Nd3 Nf6 13. O-O Ne4 14. Nxe4 dxe4
15. Bxe4 Qxd4 16. Bg2 Na6 17. Be3 Qf6 18. b4 Nc7 19. Bf4 Nd5 20. Be5 Qe6 21.
Bb2 Rd8 22. Qc2 Qh6 23. Rad1 Bf6 24. e4 Nc7 25. Ne5 Rxd1 26. Rxd1 Bxe5 27. Bxe5
Nb5 28. a4 Qh5 29. axb5 Qxe5 30. bxc6 Qc7 31. b5 {...} 1-0

[Event "CAN op"]
[Site "Hamilton CAN"]
[Date "2022.07.14"]
[Round "5.10"]
[White "Manley, Jason"]
[Black "Zhang, Yuanchen"]
[Result "0-1"]
[WhiteElo "2210"]
[BlackElo "2464"]
[PlyCount "112"]
[EventDate "2022.07.12"]
[EventType "swiss"]
[EventRounds "9"]
[EventCountry "CAN"]

1. e4 e5 2. Nf3 Nc6 3. Bc4 Bc5 4. d3 Nf6 5. O-O d6 6. h3 Na5 7. Nbd2 Nxc4 8.
Nxc4 b5 9. Ne3 O-O 10. c3 Bb6 11. a4 c6 12. Re1 Be6 13. Nf1 Nd7 14. axb5 cxb5
15. d4 f6 16. Ng3 Bc7 17. Be3 a6 18. Qc2 Nb6 19. b3 a5 20. dxe5 fxe5 21. Ng5
Bd7 22. Qd3 Kh8 23. Nf5 Qf6 24. Ra2 h6 25. Nf3 Nc8 26. N3h4 g6 27. Qd5 Nb6 28.
Qb7 Rfc8 29. Nxg6+ Qxg6 30. Ne7 Qe8 31. Nxc8 Qxc8 32. Qxc8+ Bxc8 33. Bxh6 Be6
34. Ra3 a4 35. b4 Bb3 36. g4 Nc4 37. Raa1 Kh7 38. Bc1 Rf8 39. Kg2 Bb6 40. f3 a3
41. Kg3 a2 42. h4 Ra8 43. Re2 Ra4 44. h5 Na3 45. Bxa3 Rxa3 46. Kh4 Bc4 47. Rc2
Bd8+ 48. g5 Ra7 49. Rd2 Be7 50. Kg4 Be6+ 51. Kh4 Ra8 52. Re2 Rg8 53. Rg2 Rxg5
54. Rxg5 Kh6 55. Kg3 Bxg5 56. Rd1 Bd2 0-1

[Event "CAN op"]
[Site "Hamilton CAN"]
[Date "2022.07.14"]
[Round "5.11"]
[White "Moura, Eduardo"]
[Black "Chiku-Ratte, Olivier-Kenta"]
[Result "0-1"]
[WhiteElo "2194"]
[BlackElo "2458"]
[PlyCount "88"]
[EventDate "2022.07.12"]
[EventType "swiss"]
[EventRounds "9"]
[EventCountry "CAN"]

1. e4 c6 2. c4 d5 3. cxd5 cxd5 4. exd5 Nf6 5. Nc3 Nxd5 6. Nf3 Nc6 7. Bb5 Qd6 8.
O-O e6 9. d4 Be7 10. Re1 O-O 11. a3 a6 12. Bd3 Nf6 13. Bc2 Rd8 14. Be3 b5 15.
b4 Bb7 16. Qd3 Rac8 17. Rac1 g6 18. Bb3 Bf8 19. Bg5 Bg7 20. Ne4 Nxe4 21. Bxd8
Nxf2 22. Kxf2 Rxd8 23. d5 Ne7 24. Red1 Qb6+ 25. Kf1 Nxd5 26. Bxd5 Bxd5 27. Ke1
Bf6 28. Qe2 Kg7 29. Rc5 h5 30. Ne5 Qd6 31. Nf3 Qf4 32. Qd2 Qe4+ 33. Kf2 Bc4 34.
Qxd8 Qe2+ 35. Kg3 h4+ 36. Nxh4 Bxd8 37. Rxd8 e5 38. Re8 Qe1+ 39. Kh3 Qe2 40.
Nf3 e4 41. Kg4 Qf2 42. Nh4 Be2+ 43. Kh3 Qf4 44. g3 Bf1+ 0-1

[Event "CAN op"]
[Site "Hamilton CAN"]
[Date "2022.07.14"]
[Round "5.12"]
[White "Vera, Reynaldo"]
[Black "Dorn, Paris"]
[Result "1-0"]
[WhiteElo "2445"]
[BlackElo "2175"]
[PlyCount "53"]
[EventDate "2022.07.12"]
[EventType "swiss"]
[EventRounds "9"]
[EventCountry "CAN"]

1. Nf3 d5 2. c4 d4 3. g3 Nc6 4. Bg2 e5 5. d3 Bb4+ 6. Nbd2 a5 7. O-O Nf6 8. Ne1
Be7 9. Nc2 O-O 10. b3 a4 11. Rb1 axb3 12. axb3 Nb4 13. Nf3 Nd7 14. Bd2 c5 15.
Nxb4 cxb4 16. Ra1 Rb8 17. Qe1 b5 18. Bxb4 Bxb4 19. Qxb4 bxc4 20. Qxc4 Qb6 21.
Rfc1 Qxb3 22. Qxb3 Rxb3 23. Ra7 Bb7 24. Nxd4 exd4 25. Bxb7 Nf6 26. Rc4 Rb2 27.
Bf3 1-0

[Event "CAN op"]
[Site "Hamilton CAN"]
[Date "2022.07.14"]
[Round "5.13"]
[White "Li, Eric"]
[Black "Hua, Eugene"]
[Result "0-1"]
[WhiteElo "2165"]
[BlackElo "2392"]
[PlyCount "74"]
[EventDate "2022.07.12"]
[EventType "swiss"]
[EventRounds "9"]
[EventCountry "CAN"]

1. d4 Nf6 2. Nf3 b6 3. c4 Bb7 4. Nc3 e6 5. a3 g6 6. g3 Bg7 7. Bg2 O-O 8. O-O d6
9. Qc2 c5 10. dxc5 bxc5 11. Rd1 Qe7 12. Bf4 Ne8 13. Nb5 e5 14. Bg5 f6 15. Be3
Nc6 16. Ne1 Nd4 17. Nxd4 cxd4 18. Bd2 Bxg2 19. Nxg2 Nc7 20. e3 Ne6 21. b4 Kh8
22. Bc1 Qb7 23. Bb2 f5 24. exd4 exd4 25. f4 a5 26. Qd2 Rab8 27. Re1 Rfe8 28.
Rad1 axb4 29. axb4 d5 30. cxd5 Qxd5 31. Ba1 Qb5 32. Nh4 Qd5 33. Kf2 Ra8 34. Re2
Rxa1 35. Rxa1 d3 36. Rae1 Rc8 37. Rxe6 Bd4+ 0-1

[Event "CAN op"]
[Site "Hamilton CAN"]
[Date "2022.07.14"]
[Round "5.14"]
[White "Jaferian, Koosha"]
[Black "Mills, Morgen"]
[Result "1-0"]
[WhiteElo "2336"]
[BlackElo "2136"]
[PlyCount "78"]
[EventDate "2022.07.12"]
[EventType "swiss"]
[EventRounds "9"]
[EventCountry "CAN"]

1. e4 c6 2. d4 d5 3. exd5 cxd5 4. Bd3 Nc6 5. c3 Qc7 6. Ne2 Bg4 7. O-O e6 8. Qe1
Bd6 9. f3 Bh5 10. Qh4 Bg6 11. Bxg6 fxg6 12. Nf4 Bxf4 13. Bxf4 Qf7 14. Nd2 Nge7
15. Rae1 O-O 16. Be5 Rfe8 17. f4 Na5 18. Nf3 h6 19. Re2 Nc4 20. Qe1 Rac8 21. g4
Rc6 22. Qb1 Rf8 23. Rff2 b5 24. Ne1 Nxe5 25. Rxe5 g5 26. Nd3 gxf4 27. Nxf4 g5
28. Nd3 Qh7 29. Rxf8+ Kxf8 30. Qf1+ Qf7 31. Re1 Ng6 32. Qe2 Kg7 33. Rf1 Qc7 34.
Qf3 Qe7 35. Qe3 Rc8 36. Nc5 Nf4 37. Qe5+ Kg6 38. Rxf4 gxf4 39. Nxe6 Qf6 1-0

[Event "CAN op"]
[Site "Hamilton CAN"]
[Date "2022.07.14"]
[Round "5.15"]
[White "Xu, Daniel"]
[Black "Perez Rodriguez, Luis Manuel"]
[Result "0-1"]
[WhiteElo "2128"]
[BlackElo "2328"]
[PlyCount "42"]
[EventDate "2022.07.12"]
[EventType "swiss"]
[EventRounds "9"]
[EventCountry "CAN"]

1. e4 e5 2. Nf3 Nc6 3. Bb5 a6 4. Ba4 Nf6 5. O-O b5 6. Bb3 Be7 7. Re1 O-O 8. h3
Na5 9. Nxe5 Nxb3 10. axb3 Bb7 11. d3 d5 12. exd5 Qxd5 13. Qf3 Bd6 14. Qxd5 Nxd5
15. d4 Rfe8 16. Nd3 Nb4 17. Rxe8+ Rxe8 18. Kf1 Nxc2 19. Ra2 Be4 20. Nc5 Bxc5
21. dxc5 Nb4 0-1

[Event "CAN op"]
[Site "Hamilton CAN"]
[Date "2022.07.14"]
[Round "5.16"]
[White "Song, Terry"]
[Black "Hua, Michelle"]
[Result "1-0"]
[WhiteElo "2218"]
[BlackElo "1930"]
[PlyCount "63"]
[EventDate "2022.07.12"]
[EventType "swiss"]
[EventRounds "9"]
[EventCountry "CAN"]

1. e4 c5 2. Nc3 d6 3. f4 g6 4. Nf3 Bg7 5. Bb5+ Bd7 6. a4 a6 7. Bxd7+ Qxd7 8.
Nd5 Qc6 9. d3 e6 10. Qe2 Nd7 11. O-O O-O-O 12. Ne3 d5 13. a5 Ne7 14. e5 Nf5 15.
Nxf5 gxf5 16. d4 cxd4 17. Nxd4 Qc4 18. Qe3 Rde8 19. b3 Qc7 20. Ba3 Bf8 21. c4
Bxa3 22. Rxa3 Kb8 23. Rc1 Qc5 24. b4 Qf8 25. cxd5 exd5 26. b5 Rc8 27. bxa6
Rxc1+ 28. Qxc1 Qb4 29. Qc3 Qb1+ 30. Kf2 Qe4 31. Rb3 Qxf4+ 32. Kg1 1-0

[Event "CAN op"]
[Site "Hamilton CAN"]
[Date "2022.07.14"]
[Round "5.17"]
[White "Rusonik, Max"]
[Black "Li, Adam"]
[Result "1-0"]
[WhiteElo "2312"]
[BlackElo "1942"]
[PlyCount "113"]
[EventDate "2022.07.12"]
[EventType "swiss"]
[EventRounds "9"]
[EventCountry "CAN"]

1. e4 e5 2. Nf3 Nc6 3. Bc4 Nf6 4. Ng5 d5 5. exd5 Na5 6. Bb5+ c6 7. dxc6 bxc6 8.
Bd3 Nd5 9. Nf3 Bd6 10. O-O O-O 11. Re1 Bg4 12. Nc3 f5 13. Nxd5 cxd5 14. Be2 Qf6
15. d4 e4 16. Ne5 Bxe2 17. Qxe2 Bxe5 18. dxe5 Qxe5 19. Qb5 Nc4 20. Bf4 Qe6 21.
Rad1 Rad8 22. b3 Nb6 23. Rd4 Rc8 24. a4 Rxc2 25. a5 Qf6 26. Red1 Nc8 27. Qxd5+
Kh8 28. Be5 Qg5 29. Qf7 Rg8 30. Rd8 Ne7 31. h4 Qg6 32. Qxe7 h6 33. R1d6 Rc1+
34. Kh2 Rc6 35. Rxg6 Rxg6 36. Rxg8+ Kxg8 37. Qe8+ Kh7 38. Qxg6+ Kxg6 39. a6 Kf7
40. Bd4 Ke6 41. Bxa7 Kd6 42. Bd4 Kc6 43. h5 f4 44. Kg1 Kd5 45. a7 Kxd4 46. a8=Q
e3 47. fxe3+ fxe3 48. Kf1 Kd3 49. Qd5+ Kc2 50. Ke2 Kb1 51. Kxe3 Ka1 52. Qd2 g5
53. hxg6 h5 54. g7 h4 55. g8=Q h3 56. Qa8+ Kb1 57. Qaa2# 1-0